000 00821nam a2200241 u 4500
001 000002034
003 DO-SdBNP
005 20250709094428.0
008 090630s1979 dr c r 001 0 spa d
040 _aDO-SdBNP
_bspa
_cBNPHU
082 _a324.27293013
_bM516j, 1979
100 1 _a Mejía-Ricart G., Marcio,
_d1933-
_q(Mejía-Ricart Guzmán), |
_98411
245 1 3 _aLa jornada del '78 /
_cMarcio Mejía Ricart.
250 _a[2a. ed.]
260 _a[Santo Domingo] :
_bPartido Revolucionario Dominicano,
_c1979.
300 _a383 p. :
_bretr. ;
_c22 cm.
500 _aIncluye índice.
590 _aInventariado, 2019/MFF
650 7 _aElecciones
_zRepública Dominicana
_y1979
_988287
651 7 _aRepública Dominicana
_xPolítica y gobierno
_y1978
_988288
910 _aJornada de catalogación
942 _2ddc
_cLBS1
999 _c1899
_d1899